00514nam a2200145Ia 4500082002200000245013000022260002900152300001300181650002600194650004000220650003200260650004000292650002100332700001500353 a338.37130954 ART; 0aArtisanal marine fisherfolk of Orissa: study of their technology, economic status, social organization and cognitive patterns aCuttackbVidyapuric1985 ax, 240p. aFish-culture - Orissa aFisheries - Social aspects - orissa aFishery technology - Orissa aFishers - Economic aspects - Orissa aFishing - Orissa aTietze, U.